Pre-Cambrian geology of North America. (Record no. 24839)

MARC details
000 -LEADER
fixed length control field 00794cam a22002531 4500
001 - CONTROL NUMBER
control field gs 09000247
003 - CONTROL NUMBER IDENTIFIER
control field DLC
005 - DATE AND TIME OF LATEST TRANSACTION
control field 20260227111309.0
008 - FIXED-LENGTH DATA ELEMENTS--GENERAL INFORMATION
fixed length control field 720328s1909 xx 000 0 eng
010 ## - LIBRARY OF CONGRESS CONTROL NUMBER
LC control number gs 09000247
035 ## - SYSTEM CONTROL NUMBER
System control number (OCoLC)271845
040 ## - CATALOGING SOURCE
Original cataloging agency DLC
Transcribing agency ODaWU
Modifying agency DLC
050 00 - LIBRARY OF CONGRESS CALL NUMBER
Classification number QE75
Item number .B9 no. 360
051 ## - LIBRARY OF CONGRESS COPY, ISSUE, OFFPRINT STATEMENT
Classification number QE655
Item number .V3
100 1# - MAIN ENTRY--PERSONAL NAME
Personal name Van Hise, Charles Richard,
Dates associated with a name 1857-1918.
245 10 - TITLE STATEMENT
Title Pre-Cambrian geology of North America.
260 ## - PUBLICATION, DISTRIBUTION, ETC.
Name of publisher, distributor, etc. Govt. Print. Off.,
Date of publication, distribution, etc. 1909.
300 ## - PHYSICAL DESCRIPTION
Extent 939 p.
410 20 - SERIES STATEMENT/ADDED ENTRY--CORPORATE NAME [OBSOLETE, CAN/MARC], [LOCAL, USA]
Corporate name or jurisdiction name as entry element Geological Survey (U.S.)
Title of a work Bulletin
Volume number/sequential designation 360
504 ## - BIBLIOGRAPHY, ETC. NOTE
Bibliography, etc. note Bibliographical references at ends of chapters.
650 #0 - SUBJECT ADDED ENTRY--TOPICAL TERM
Topical term or geographic name entry element Geology
Geographic subdivision North America.
650 #0 - SUBJECT ADDED ENTRY--TOPICAL TERM
Topical term or geographic name entry element Geology, Stratigraphic
Chronological subdivision Precambrian.
700 1# - ADDED ENTRY--PERSONAL NAME
Personal name Leith, C. K.
Fuller form of name (Charles Kenneth),
Dates associated with a name 1875-1956,
Relator term joint author.

No items available.

Powered by Koha